00463 2200181 4500245005000000020002200050250001000072100002500082700001700107700002600124650001800150005001900168260003900187041001400226084000900240300002300249336000900272 aThe Power Of WhencMichael Brush, Ph.D.hText a978-602-291-303-0 aCet.1 aMichael Brush, Ph.D. aYusa Tripeni aIka Yuliana Kurniasih aFiksi Inggris a20240909121143 aYogyakartabPenerbit Bentangc2017 aIndonesia aNONE a400 hlm :c23,5 cm atext